000 01152nam a22003497a 4500
003 CHAP
005 20220329133441.0
008 971013s1991 r 00010 d
010 _a6536
011 _a7508
035 _a6731
040 _cCHAP
090 _aTesis
100 0 0 _aHuerta Peralta, Verónica.
_956699
245 _aPronóstico de precios en limón mediante el modelo de descomposición estacional
260 _aChapingo, Méx. :
_bEl autor,
_c1991
300 _a91 h.
500 _a62-179
502 _aTesis (Ing. Agr. Esp. en Economía Agrícola) -- UACH. Departamento de Economía Agrícola
590 _aALEPH
_b10
_c20130110
_lUCH01
_h1219
590 _aBATCH-UPD
_b10
_c20130110
_lUCH01
_h0216
590 _aBATCH-UPD
_b10
_c20130110
_lUCH01
_h1910
590 _aBATCH-UPD
_b10
_c20130409
_lUCH01
_h2234
590 _aBATCH-UPD
_b10
_c20130410
_lUCH01
_h1237
590 _aBATCH-UPD
_b10
_c20130914
_lUCH01
_h1725
590 _aCONVERSION
_b10
_c20130109
_lUCH01
_h1305
650 1 4 _aLimón
_xMercadeo.
_966838
650 1 4 _aLimón
_xPrecios.
_966845
901 _aBK
942 _cTESIS
949 _bBC
_cTES
_d-16341
_eTS1
_h25634
_i6731
_si
999 _c6536
_d6536